Homes targets need sharp boost (Record no. 70977)

MARC details
000 -LEADER
fixed length control field 00867cam a2200205 4500
001 - CONTROL NUMBER
control field WB3831-17
008 - FIXED-LENGTH DATA ELEMENTS--GENERAL INFORMATION
fixed length control field 020821n2002 000 0 eng u
035 ## - SYSTEM CONTROL NUMBER
System control number (Sirsi) u119397
245 ## - TITLE STATEMENT
Title Homes targets need sharp boost
260 ## - PUBLICATION, DISTRIBUTION, ETC.
Date of publication, distribution, etc. 2002
490 ## - SERIES STATEMENT
Series statement Planning (for the Natural and Built Environment)
Volume/sequential designation (1482) 16 August 2002, 4(1)
520 ## - SUMMARY, ETC.
Summary, etc. Study by economic forecasting group Cambridge Econometrics has warned projected gap between number of homes and households will widen over next decade in south England if north-south migration continues, and house building targets are not increased. Cambridge Econometrics Press Release www.camecon.co.uk/whatsnew/releases/reg022.htm
590 ## - LOCAL NOTE (RLIN)
Local note WB
650 ## - SUBJECT ADDED ENTRY--TOPICAL TERM
Topical term or geographic name entry element HOUSE BUILDING
650 ## - SUBJECT ADDED ENTRY--TOPICAL TERM
Topical term or geographic name entry element NORTH-SOUTH DIVIDE
650 ## - SUBJECT ADDED ENTRY--TOPICAL TERM
Topical term or geographic name entry element ECONOMETRICS
650 ## - SUBJECT ADDED ENTRY--TOPICAL TERM
Topical term or geographic name entry element ECONOMIC FORECASTING
690 ## - LOCAL SUBJECT ADDED ENTRY--TOPICAL TERM (OCLC, RLIN)
Topical term or geographic name as entry element HOUSING
942 ## - ADDED ENTRY ELEMENTS (KOHA)
Suppress in OPAC 0
Holdings
Withdrawn status Lost status Source of classification or shelving scheme Damaged status Not for loan Home library Current library Shelving location Date acquired Total Checkouts Full call number Barcode Date last seen Copy number Price effective from Koha item type
    Dewey Decimal Classification     London London News article 21/08/2002   WB3831-17 119397-1001 06/08/2019 1 06/08/2019 News article